Estadísticas para Países que Producen el Mayor Número de Películas

Haz click aquí para tomar la prueba!

Estadísticas generales

  • Esta prueba ha sido tomada 2.752 veces
  • La puntuación promedio es 17 de 20

Estadísticas de respuestas

#País% Correcto
791Estados Unidos
100%
300Francia
98%
752China
97%
255España
97%
1907India
97%
581Japón
95%
140México
95%
121Rusia
94%
226Alemania
93%
185Italia
93%
298Reino Unido
93%
182Argentina
91%
129Brasil
90%
103Canadá
90%
269Corea del Sur
78%
137Turquía
66%
86Indonesia
61%
87Países Bajos
53%
997Nigeria
51%
102Suiza
48%

Distribución de puntuación

Porcentaje por número respondido

Porcentaje de gente con cada puntuación

Historial de tus puntuaciones

No has tomado esta prueba